Cómo mejorar las competencias de los docentes: guía para la autoevaluación y el desarrollo de las competencias del profesorado

Uloženo v:
Podrobná bibliografie
Hlavní autor: Cano, Elena (Autor)
Médium: Kniha
Jazyk:španělština
Vydáno: Barcelona Graó 2005
Vydání:1a. ed
Edice:Serie Desarrollo Personal del Profesorado, 4
Témata:
Tagy: Přidat tag
Žádné tagy, Buďte první, kdo vytvoří štítek k tomuto záznamu!

MARC

LEADER 00000nam a2200000 a 4500
001 UCG5753
003 CL-VaPUC
008 110317e20050900sp |||||||||||||||||spa|d
020 |a 8478273980 
082 0 4 |a 371.102  |b CAN  |2 21 
100 0 |a Cano, Elena  |e author  |9 555563 
245 1 0 |a Cómo mejorar las competencias de los docentes: guía para la autoevaluación y el desarrollo de las competencias del profesorado 
250 |a 1a. ed 
300 |a 213 p 
942 |c BK 
945 |d 20110317 00:00:00  |a jcampos 
260 |a Barcelona  |b Graó  |c 2005 
650 0 |a Formación profesional de profesores  |9 307493 
650 0 |a Evaluación de la educación   |9 237505 
650 7 |a COMPETENCIAS DOCENTES  |2 CL-VaPUC  |9 550037 
583 |a last modification  |c 20150507 05:17:35  |k Rodrigo Vera 
490 0 |a Serie Desarrollo Personal del Profesorado, 4 
999 |c 344133  |d 344131 
952 |0 0  |1 0  |4 0  |6 371_102000000000000_CAN_2005  |7 0  |8 A  |9 441940  |a BIBEDU  |b BIBEDU  |d 2019-11-22  |i 4756509  |o 371.102 CAN 2005  |p 4756509  |r 2019-11-22  |w 2019-11-22  |y BK  |k EPE